LEADER 01300nam0-22004091i-450- 001 990002402580403321 005 20110629143443.0 010 $a88-08-11874-6 035 $a000240258 035 $aFED01000240258 035 $a(Aleph)000240258FED01 035 $a000240258 100 $a20030910d1992----km-y0itay50------ba 101 1 $aita 102 $aIT 200 1 $aGenetica$eprincipi di analisi formale$fDavid T. Suzuki, Anthony J. F. Griffiths, Jeffrey H. Miller, Richard C. Lewontin 205 $a3. ed. 210 $aBologna$cZanichelli$d1992 215 $aXI, 939 p., [4] c. di tav.$cill.$d27 cm 300 $a3. ed. italiana condotta sulla 4. ed. americana. 300 $aTit. orig. : An introduction to genetic analysis. Trad. di Carla Iodice e Patrizia Malaspina, rev. di Luciano Terrenato. 610 0 $aGenetica 676 $a575.1 702 1$aSuzuki,$bDavid T. 702 1$aGriffiths,$bAnthony J. F. 702 1$aIodice,$bCarla 702 1$aLewontin,$bRichard C. 702 1$aMalaspina,$bPatrizia 702 1$aMiller,$bJeffrey H. 702 1$aTerrenato,$bLuciano 801 0$aIT$bUNINA$gRICA$2UNIMARC 901 $aBK 912 $a990002402580403321 952 $a90 D 1A 11$b809$fFMEBC 959 $aFMEBC 996 $aGenetica$9112463 997 $aUNINA LEADER 01375nam2-2200385li-450 001 990000216110203316 005 20180312154834.0 010 $a3-540-60595-9 035 $a0021611 035 $aUSA010021611 035 $a(ALEPH)000021611USA01 035 $a0021611 100 $a20001109d1996----km-y0itay0103----ba 101 0 $aeng 102 $aGW 200 1 $aCyclic renormalization and automorphism groups of rooted trees$fHyman Bass ... [et al.] 210 $aBerlin [etc.]$cSpringer-Verlag$dcopyr. 1996 215 $aXXI, 163 p.$cill.$d24 cm. 225 2 $aLecture notes in mathematics$v1621 410 0$10010021263$12001$aLecture notes in mathematics$ea collection of informal reports and seminars$fedited by A. Dold, Heidelberg and B. Eckmann, Zürich 610 1 $agrafi 676 $a5115$9Teoria e costruzione dei grafi 702 1$aBass,$bHyman 801 $aSistema bibliotecario di Ateneo dell' Università di Salerno$gRICA 912 $a990000216110203316 951 $a510 LNM (1621)$b0018683 CBS$c510$d00110555 959 $aBK 969 $aSCI 979 $c19960404 979 $c20001110$lUSA01$h1714 979 $aALANDI$b90$c20011204$lUSA01$h1137 979 $c20020403$lUSA01$h1629 979 $aPATRY$b90$c20040406$lUSA01$h1616 996 $aCyclic renormalization and automorphism groups of rooted trees$91502039 997 $aUNISA